London museum by artefact picture - Statistics

General Stats
  • This quiz has been taken 40 times
  • The average score is 6 of 12
Answer Stats
Picture Answer % Correct
Parthenon Marbles - British Museum
94%
Arnolfini portrait - National Gallery
70%
Maman - Tate Modern
70%
Darwin statue - Natural History Museum
64%
Renaissance Galleries - Victoria and Albert Museum
61%
Routemaster bus - London Transport Museum
61%
Spitfire - Imperial War Museum
55%
Apollo 10 capsule - Science Museum
45%
The ambassadors - National Portrait Gallery
45%
Churchill's room - Cabinet War Rooms
33%
The Swing - Wallace Collection
21%
Walrus - Horniman Museum
18%
No matching quizzes found
Score Distribution
Percent of People with Each Score
Percentile by Number Answered
Your Score History
You have not taken this quiz